01090 a2200145 4500003000500000005001700005040000900022082001800031100001700049245011600066260005200182300000900234505066700243650003400910Nust20221202123904.0 cNust a621.38153,MAR aJ. A. Markum aIntermediate Electronic fabrication :ban introduction to printed circuit board construction volume II of III / aCalforniabThe technical education press c1976 a192p aSafety (Page-7), An Introduction to The P.C Board (Page-13), P.C Board Familiarization (Page-19), Component Layout and the Trace Outline (Page-33), The Introduction to PCB Artwork (Page-49), PCB Master Artwork (Page-61), Scotchal Film Negative (Page-79), Preliminary P.C Board (Page-85), P.C Board Etching (Page-91), P.C.B Stripping. Tinning (Page-97), PCB Components Mounting (Page-103), Complex PCB (Page-111), PCB Outlining (Page-125), Double Sided PCB Fabrications (Page-137), 2x and 4x Artwork (Page-153), The Camera and Films (Page-167), Films Developing and Processes (Page-175), Photosensitive Positive Acting (Page-181), Plated Through Holes (Page-184). aTelecommunication Engineering